| 000 | 00659nam a22001937a 4500 | ||
|---|---|---|---|
| 999 |
_c15892 _d15892 |
||
| 003 | AR-CdUCM | ||
| 008 | 190430b ||||| |||| 00| 0 spa d | ||
| 040 |
_aMUNICIPALIDAD PROVINCIAL DEL CUSCO _cBIBLIOTECA MUNICIPAL DEL CUSCO |
||
| 082 |
_aC / 370 / _bE78 |
||
| 100 |
_aEscalante Pacco, Giraldo Daniel _935097 |
||
| 245 | _aManual para el maestro innovador / | ||
| 260 |
_aCusco : _bParadigmas educativos, _c2007. |
||
| 300 |
_a116 páginas ; _c20 cm. |
||
| 505 | _aParadigmas educativos mundiales -- Paradigmas educativos nacionales -- | ||
| 650 |
_aEducación. _9460 |
||
| 650 |
_aParadigmas educativos. _935098 |
||
| 942 |
_2ddc _cLIBROS |
||
| 945 | _awfj | ||